[Event "SVK-ch U14"]
[Site "Tatralandia"]
[Date "2024.04.10"]
[Round "7"]
[White "Kristof, Jan"]
[Black "Livnansky, Michal"]
[Result "1-0"]
[WhiteElo "1465"]
[BlackElo "1838"]
[PlyCount "67"]
[EventDate "2024.04.05"]
[EventType "swiss"]
[EventRounds "9"]
[EventCountry "SVK"]
[SourceTitle "CB16_2024"]
[SourceDate "2024.04.17"]
[SourceVersion "1"]
[SourceVersionDate "2024.04.17"]
[SourceQuality "1"]

1. e4 c5 2. a3 Nc6 3. b4 cxb4 4. axb4 Nxb4 5. c3 Nc6 6. d4 d5 7. exd5 Qxd5 8. Na3 e5 9. Nb5 Bd6 10. Bc4 Qe4+ 11. Ne2 Bb8 12. Qb3 Qg6 13. 0-0 Nge7 14. d5 Bh3 15. Ng3 Bd7 16. dxc6 Bxc6 17. Ba3 h5 18. f3 h4 19. Ne4 Nf5 20. Bd6 Ne3 21. Rf2 Nxc4 22. Qxc4 f5 23. Bxb8 Rxb8 24. Ned6+ Ke7 25. Qc5 Kd7 26. Rd2 h3 27. Nxf5+ Ke6 28. Rd6+ Kxf5 29. Nd4+ Kg5 30. Qxe5+ Kh6 31. Rxg6+ Kxg6 32. Qf5+ Kh6 33. g4 Rhf8 34. Qh5# 1-0

[Event "SVK-ch U14"]
[Site "Tatralandia"]
[Date "2024.04.09"]
[Round "6"]
[White "Livnansky, Michal"]
[Black "Mazag, Martin"]
[Result "0-1"]
[WhiteElo "1838"]
[BlackElo "1693"]
[PlyCount "62"]
[EventDate "2024.04.05"]
[EventType "swiss"]
[EventRounds "9"]
[EventCountry "SVK"]
[SourceTitle "CB16_2024"]
[SourceDate "2024.04.17"]
[SourceVersion "1"]
[SourceVersionDate "2024.04.17"]
[SourceQuality "1"]

1. e4 c5 2. Nf3 e6 3. c3 Nf6 4. e5 Nd5 5. d4 cxd4 6. cxd4 d6 7. Bc4 Nc6 8. 0-0 Be7 9. Qe2 0-0 10. Rd1 Qc7 11. Bd2 a6 12. Nc3 Nxc3 13. Bxc3 b5 14. Bd3 Bb7 15. Rac1 Rac8 16. Qe4 g6 17. Qg4 Qb8 18. Re1 Rfd8 19. Bb1 Bf8 20. h4 Ne7 21. h5 Bxf3 22. Qxf3 dxe5 23. dxe5 b4 24. hxg6 hxg6 25. Re4 bxc3 26. bxc3 Qb2 27. Rf1 Rxc3 28. Qf6 Re8 29. Rf4 Nf5 30. Bxf5 Be7 31. Rb1 Rc1+ 0-1

[Event "SVK-ch U14"]
[Site "Tatralandia"]
[Date "2024.04.05"]
[Round "1"]
[White "Murarik, Simon Peter"]
[Black "Livnansky, Michal"]
[Result "0-1"]
[WhiteElo "1466"]
[BlackElo "1838"]
[PlyCount "52"]
[EventDate "2024.04.05"]
[EventType "swiss"]
[EventRounds "9"]
[EventCountry "SVK"]
[SourceTitle "CB16_2024"]
[SourceDate "2024.04.17"]
[SourceVersion "1"]
[SourceVersionDate "2024.04.17"]
[SourceQuality "1"]

1. e4 c5 2. Nf3 d6 3. Bb5+ Bd7 4. Bxd7+ Qxd7 5. Nc3 Nc6 6. d3 g6 7. 0-0 Bg7 8. Re1 Nf6 9. Be3 Ng4 10. h3 Nxe3 11. Rxe3 0-0 12. h4 Nd4 13. h5 Qg4 14. Nd5 Nxf3+ 15. Qxf3 Qd7 16. c3 b5 17. Qh3 e6 18. h6 Bh8 19. Rf3 Qd8 20. Nf4 Qe7 21. Rg3 Rab8 22. Rb1 b4 23. cxb4 Rxb4 24. b3 d5 25. exd5 Rxf4 26. Re1 Rh4 0-1

[Event "Piestany op-B"]
[Site "Piestany"]
[Date "2023.07.17"]
[Round "7"]
[White "Dubnicka, Ferdinand"]
[Black "Livnansky, Michal"]
[Result "0-1"]
[WhiteElo "1396"]
[BlackElo "1449"]
[PlyCount "62"]
[EventDate "2023.07.11"]
[EventType "swiss"]
[EventRounds "9"]
[EventCountry "SVK"]
[SourceTitle "EXT 2024"]
[Source "ChessBase"]
[SourceDate "2023.10.10"]
[SourceVersion "1"]
[SourceVersionDate "2023.10.10"]
[SourceQuality "1"]

1. Nf3 Nf6 2. d4 g6 3. Nc3 d5 4. Bf4 c6 5. Be5 Bg7 6. h3 Nbd7 7. Bg3 0-0 8. e3 b6 9. Be2 Bb7 10. 0-0 Qc8 11. Ne5 Nxe5 12. Bxe5 Ba6 13. f4 Bxe2 14. Qxe2 Rd8 15. Rf2 c5 16. Raf1 Qc6 17. Kh2 a6 18. g4 b5 19. Qf3 b4 20. Ne2 Ne4 21. Ng3 Nxf2 22. Rxf2 f6 23. f5 fxe5 24. fxg6 hxg6 25. Qf7+ Kh8 26. Qxe7 Rf8 27. Qh4+ Kg8 28. Rd2 exd4 29. exd4 cxd4 30. g5 Qc7 31. Kg2 Rf4 0-1

[Event "SVK-ch Amateurs"]
[Site "Liptovsky Jan"]
[Date "2023.06.16"]
[Round "4"]
[White "Livnansky, Michal"]
[Black "Hornacek, Tomas"]
[Result "1-0"]
[WhiteElo "1476"]
[BlackElo "1130"]
[PlyCount "63"]
[EventDate "2023.06.15"]
[EventType "swiss"]
[EventRounds "8"]
[EventCountry "SVK"]
[SourceTitle "CBM 214 Extra"]
[Source "ChessBase"]
[SourceDate "2023.07.31"]
[SourceVersion "1"]
[SourceVersionDate "2023.07.31"]
[SourceQuality "1"]

1. c4 d5 2. cxd5 Qxd5 3. Nc3 Qa5 4. g3 e5 5. Bg2 c6 6. Nf3 Bd6 7. 0-0 Nf6 8. d4 e4 9. Ng5 Bf5 10. Qb3 Qc7 11. Ngxe4 Nxe4 12. Nxe4 Bxe4 13. Bxe4 Qb6 14. Qxb6 axb6 15. Be3 0-0 16. a3 Re8 17. Bf3 Nd7 18. Rac1 Ra5 19. Rfd1 Rb5 20. b4 Rc8 21. d5 Ne5 22. Be4 c5 23. Bf4 cxb4 24. Rxc8+ Bf8 25. Bxe5 bxa3 26. Bd6 g6 27. Bxf8 h5 28. Be7+ Kg7 29. Bxa3 Ra5 30. Bb2+ Kh6 31. h4 Kh7 32. Rh8# 1-0

[Event "SVK-ch Amateurs"]
[Site "Liptovsky Jan"]
[Date "2023.06.15"]
[Round "2"]
[White "Livnansky, Michal"]
[Black "Prochazka, Martin"]
[Result "1-0"]
[WhiteElo "1476"]
[BlackElo "1166"]
[PlyCount "31"]
[EventDate "2023.06.15"]
[EventType "swiss"]
[EventRounds "8"]
[EventCountry "SVK"]
[SourceTitle "CBM 214 Extra"]
[Source "ChessBase"]
[SourceDate "2023.07.31"]
[SourceVersion "1"]
[SourceVersionDate "2023.07.31"]
[SourceQuality "1"]

1. Nf3 d5 2. d4 Nf6 3. e3 Bd7 4. Bd3 Nc6 5. 0-0 Bg4 6. c4 e6 7. Nbd2 Ne7 8. Qb3 Rb8 9. Ne5 Ng6 10. Ndf3 Bd6 11. Qa4+ c6 12. Nxg4 Nxg4 13. h3 Nf6 14. Qxa7 Qc7 15. c5 Be7 16. Bd2 1-0

[Event "SVK-ch U12"]
[Site "Dudince"]
[Date "2023.04.17"]
[Round "3"]
[White "Livnansky, Michal"]
[Black "Halada, Lubos"]
[Result "1-0"]
[WhiteElo "1409"]
[BlackElo "1013"]
[PlyCount "61"]
[EventDate "2023.04.16"]
[EventType "swiss"]
[EventRounds "9"]
[EventCountry "SVK"]
[SourceTitle "CBM 213 Extra"]
[Source "ChessBase"]
[SourceDate "2023.05.31"]
[SourceVersion "1"]
[SourceVersionDate "2023.05.31"]
[SourceQuality "1"]

1. c4 g6 2. d4 Bg7 3. Nc3 Nf6 4. e4 d6 5. Nf3 Bg4 6. Be2 Bxf3 7. Bxf3 e5 8. d5 Nbd7 9. 0-0 0-0 10. Bg5 h6 11. Be3 Nh7 12. Qd2 Ng5 13. Be2 f5 14. f3 f4 15. Bf2 Qe7 16. b4 b6 17. Na4 h5 18. Rfc1 a6 19. c5 b5 20. Nb2 Kf7 21. cxd6 cxd6 22. Rc7 Rac8 23. Rac1 Rh8 24. Rxc8 Rxc8 25. Rxc8 h4 26. Bxh4 Nxf3+ 27. Bxf3 Qxh4 28. Qf2 Qg5 29. Qa7 Qe7 30. Rc7 Ke8 31. Bg4 1-0

[Event "Liptovsky Jan op"]
[Site "Liptovsky Jan"]
[Date "2022.06.26"]
[Round "6"]
[White "Livnansky, Michal"]
[Black "Volek, Jan"]
[Result "0-1"]
[WhiteElo "1279"]
[BlackElo "1711"]
[PlyCount "84"]
[EventDate "2022.06.23"]
[EventType "swiss"]
[EventRounds "7"]
[EventCountry "SVK"]
[SourceTitle "CBM 209 Extra"]
[Source "ChessBase"]
[SourceDate "2022.09.30"]
[SourceVersion "1"]
[SourceVersionDate "2022.09.30"]
[SourceQuality "1"]

1. d4 g6 2. Nf3 Bg7 3. Bf4 d6 4. e3 c5 5. Bb5+ Bd7 6. Bxd7+ Nxd7 7. c3 cxd4 8. exd4 Ngf6 9. 0-0 0-0 10. Nbd2 Nh5 11. Be3 Nb6 12. Qc2 Nd5 13. Qe4 Nhf6 14. Qc2 Nxe3 15. fxe3 Re8 16. e4 e5 17. d5 Ng4 18. Qb3 Bh6 19. Nc4 Qc7 20. Qb4 a5 21. Qb5 Rec8 22. Ncd2 Be3+ 23. Kh1 Nf2+ 24. Rxf2 Bxf2 25. Rf1 Be3 26. Qe2 Bxd2 27. Qxd2 f6 28. Qh6 Qg7 29. Qh3 Re8 30. g4 g5 31. Nd2 b5 32. Rf5 b4 33. Nc4 bxc3 34. bxc3 Qe7 35. Qd3 a4 36. Rf3 a3 37. Ne3 Rab8 38. Nf5 Qf8 39. Qa6 Red8 40. Qxa3 Ra8 41. Qb3 Rdb8 42. Qc4 Rb2 0-1

[Event "SVK-ch U10"]
[Site "Stara Lubovna"]
[Date "2021.07.02"]
[Round "8"]
[White "Halcin, Erik"]
[Black "Livnansky, Michal"]
[Result "0-1"]
[WhiteElo "1000"]
[BlackElo "1217"]
[PlyCount "58"]
[EventDate "2021.06.26"]
[EventType "swiss"]
[EventRounds "9"]
[EventCountry "SVK"]
[SourceTitle "CBM 203 Extra"]
[Source "ChessBase"]
[SourceDate "2021.09.30"]
[SourceVersion "1"]
[SourceVersionDate "2021.09.30"]
[SourceQuality "1"]

1. e4 c5 2. Nc3 Nc6 3. Bb5 g6 4. Bxc6 bxc6 5. Nf3 Bg7 6. 0-0 Ba6 7. Re1 d5 8. d4 cxd4 9. Nxd4 Qd7 10. e5 e6 11. Bf4 Ne7 12. Bg5 Rb8 13. Bxe7 Kxe7 14. Qg4 h5 15. Qh4+ Kf8 16. Na4 Bb5 17. Nc5 Qe7 18. Qxe7+ Kxe7 19. a4 Bxe5 20. Rxe5 Kd6 21. Nd3 Bxd3 22. Re3 Ba6 23. Rae1 Rhe8 24. Rf3 Re7 25. h3 Rxb2 26. g4 hxg4 27. hxg4 Rb4 28. c3 Rxa4 29. Rf6 c5 0-1

[Event "SVK-ch U10"]
[Site "Lubovna"]
[Date "2020.08.20"]
[Round "7"]
[White "Duda, Filip"]
[Black "Livnansky, Michal"]
[Result "0-1"]
[WhiteElo "1238"]
[BlackElo "1183"]
[PlyCount "52"]
[EventDate "2020.08.15"]
[EventType "swiss"]
[EventRounds "9"]
[EventCountry "SVK"]
[SourceTitle "EXT 2021"]
[Source "ChessBase"]
[SourceDate "2020.10.23"]
[SourceVersion "1"]
[SourceVersionDate "2020.10.23"]
[SourceQuality "1"]

1. d4 Nf6 2. Nf3 d5 3. Bf4 Bf5 4. e3 e6 5. a3 Bd6 6. Bg3 0-0 7. Bd3 Bxd3 8. cxd3 c5 9. dxc5 Bxc5 10. d4 Bd6 11. 0-0 Nc6 12. Nc3 Na5 13. Nb5 Bxg3 14. hxg3 Ne4 15. Rc1 a6 16. Nc7 Rc8 17. Qc2 Nc4 18. Nd2 Nexd2 19. Rfd1 Ne4 20. b3 Nxa3 21. Qa2 Rxc7 22. Rxc7 Qxc7 23. Qxa3 Rc8 24. f3 Nxg3 25. Kh2 Nf1+ 26. Kh3 Qg3# 0-1

[Event "SVK-ch U10"]
[Site "Lubovna"]
[Date "2020.08.17"]
[Round "4"]
[White "Bilik, Matej"]
[Black "Livnansky, Michal"]
[Result "1-0"]
[WhiteElo "1185"]
[BlackElo "1183"]
[PlyCount "77"]
[EventDate "2020.08.15"]
[EventType "swiss"]
[EventRounds "9"]
[EventCountry "SVK"]
[SourceTitle "EXT 2021"]
[Source "ChessBase"]
[SourceDate "2020.10.23"]
[SourceVersion "1"]
[SourceVersionDate "2020.10.23"]
[SourceQuality "1"]

1. e4 c5 2. Nf3 Nc6 3. d4 cxd4 4. Nxd4 g6 5. Nc3 Bg7 6. Be3 Nf6 7. Bc4 Qa5 8. 0-0 0-0 9. Re1 d6 10. Nxc6 bxc6 11. Qd2 Qb4 12. Bb3 Ba6 13. a3 Qa5 14. Nd5 Qxd2 15. Nxe7+ Kh8 16. Bxd2 Rfe8 17. Nxc6 Nxe4 18. Bxf7 Bb5 19. Bxe8 Rxe8 20. Nxa7 Bxb2 21. Rab1 Nxd2 22. Rxe8+ Bxe8 23. Rxb2 Kg7 24. Nc8 Nc4 25. Rb3 Bf7 26. a4 Be6 27. Nb6 Nd2 28. Rd3 Ne4 29. Rd4 Bf5 30. g4 Ng5 31. gxf5 Nf3+ 32. Kg2 Nxd4 33. fxg6 hxg6 34. a5 Nc6 35. a6 Kf6 36. Nc8 d5 37. a7 Nxa7 38. Nxa7 Ke5 39. Nb5 1-0